00000000nam 2200000zi 4500
0019.943566
003CaOODSP
00520250106140929
006m     o  d f      
007cr mn|||||||||
008240925s2024    onc     obs  f000 0 fre d
020 |a9780660738017
040 |aCaOODSP|bfre|erda|cCaOODSP
043 |an-cn---
0861 |aPS83-3/483F-PDF
1001 |aSmeth, Angela, |eauteur.
24510|aComparaison des profils des délinquants de diverses identités de genre et de la population carcérale générale / |cAngela Smeth, Shanna Farrell MacDonald et Sarah Cram.
264 1|aOttawa (Ontario) : |bService correctionnel du Canada = Correctional Service Canada, |c2024.
300 |a1 ressource en ligne (vii, 31 pages).
336 |atexte|btxt|2rdacontent/fre
337 |ainformatique|bc|2rdamedia/fre
338 |aressource en ligne|bcr|2rdacarrier/fre
4901 |aRapport de recherche ; |vn° R-483
500 |aPublié aussi en anglais sous le titre : Profile comparison of gender diverse offenders and the general offender population.
504 |aComprend des références bibliographiques (page 25).
520 |a« Ce profil initial a souligné que les délinquants appartenant à diverses identités de genre étaient un groupe hétérogène évalué comme présentant un risque statique et des besoins dynamiques élevés ainsi qu’un faible potentiel de réinsertion sociale et des antécédents criminels enracinés. La vie personnelle et affective, la toxicomanie et les attitudes étaient les domaines de besoins dynamiques les plus importants pour ces délinquants. Toutefois, les recherches précédentes n’ont pas exploré comment les délinquants de diverses identités de genre se comparent à l’ensemble de la population de délinquants sous responsabilité fédérale. Par conséquent, la présente étude a été entreprise dans le but de fournir un profil comparatif entre les délinquants de diverses identités de genre sous responsabilité fédérale pendant l’incarcération et la population carcérale générale » -- Résumé, page iii.
650 6|aPrisonniers transgenres|xRéhabilitation|zCanada.
650 6|aRéhabilitation|zCanada.
655 7|aStatistiques|2rvmgf
7102 |aService correctionnel Canada, |eorganisme de publication.
77508|tProfile comparison of gender diverse offenders and the general offender population / |w(CaOODSP)9.943564
830#0|aRapport de recherche (Service correctionnel Canada. Direction de la recherche)|vn° R483.|w(CaOODSP)9.502465
85640|qPDF|s689 Ko|uhttps://publications.gc.ca/collections/collection_2025/scc-csc/PS83-3-483-fra.pdf